| 000 | 00747nam a2200253Ia 4500 | ||
|---|---|---|---|
| 001 | 18288 | ||
| 003 | GE_BSU | ||
| 008 | 181216s||||||||xx |||||||||||||| ||und|| | ||
| 020 | _a9789941942563 | ||
| 040 | _cGE_BSU | ||
| 080 | _a338.2+330.34 | ||
| 100 | _aქოქიაური,ლამარა. ქოქიაური,ნინო | ||
| 245 | _aინოვაციები | ||
| 245 | _cრედ.მ.სხირტლაძე | ||
| 260 | _aთბილისი | ||
| 260 | _bკალმოსანი | ||
| 260 | _c2015 | ||
| 300 | _a661გვ.28სმ. | ||
| 300 | _eბიბლ.გვ.655-661 | ||
| 541 | _h37ლ. | ||
| 653 | _aეკონომიკა | ||
| 653 | _aინოვაციები | ||
| 942 | _cBK | ||
| 999 |
_c51319 _d51319 |
||